Δήμοι της Ελλάδας που Αρχίζουν από Η - Statistics

General Stats
  • This quiz has been taken 5 times
  • The average score is 4 of 6
Answer Stats
Δήμος % Correct
Ηρακλείου
100%
Ηρακλείου (Αττικής)
100%
Ηλιουπόλεως
80%
Ηγουμενίτσας
60%
Ηλίδας
20%
Ηρακλείας
20%
No matching quizzes found
Score Distribution
Percent of People with Each Score
Percentile by Number Answered
Your Score History
You have not taken this quiz